| 000 | 00897nam a2200277 i 4500 | ||
|---|---|---|---|
| 003 | EG-GICUC | ||
| 005 | 20260503111225.0 | ||
| 008 | 260503s1980 us ||||fr|||| 00| 0 eng d | ||
| 040 |
_aEG-GiCUC _beng _cEG-GiCUC _dEG-GiCUC _eRda |
||
| 082 | 0 | 4 |
_221 _a343.073 _bWE . U |
| 092 | 0 | 4 | _221 |
| 099 | _aLaw1 10 343.073 WE . U 1980 | ||
| 110 |
_aWest Publishing Co _eAuthor. |
||
| 245 |
_aUnited States Code Annotated. _nTitle 49: _pTransportation 10101 to End/ _cWest Publishing Co. |
||
| 264 | 1 |
_aSt.Paul: _bWest Publishing Co, _c1980. |
|
| 300 |
_a365 page ; _c 24 cm. |
||
| 336 |
_2rda contenu _a texte |
||
| 337 |
_2rda medias _aOrdinateur |
||
| 338 |
_2 transporteur rda _a Ressource en ligne |
||
| 546 | _aText in English | ||
| 650 | 1 | _aCriminal Law | |
| 650 | 1 | _aCriminal Science | |
| 856 | 4 | 0 | _uhttps://fll.law.cu.edu.eg/fulltext/bks/B10-11448.pdf |
| 905 | _a59 | ||
| 942 |
_2ddc _n0 _cBK _e21 |
||
| 999 |
_c75100 _d75100 |
||